000 00691nam a2200265Ia 4500
003 OSt
005 20221005060508.0
006 a|||||r|||| 00| 0
007 ta
008 221004b |||||||| |||| 00| 0 eng d
020 _a0710066945
024 _a48322
037 _cTextual
040 _aCRL
_cCRL
_beng
041 _2eng
_aeng
082 _aO142,3M28:g, 111L0
100 _aHayman Ronald
245 0 _aTolstoy
260 _aLondon
_bRoutledge & Kegan Paul UK
_c1970
300 _a116p.
_ccm.
490 _aProfiles in literature
650 _aENGLISH LITERATURE
942 _hO142,3M28:g, 111L0
_cTEXL
_2cc
999 _c966774
_d966774